000 00709nam a22002417a 4500
008 131110b xxu||||| |||| 00| 0 eng d
020 _a81-85972-15-x
024 _cAvailable
037 _cAvailable
040 _aMBSTU LIBRARY
_dMBSTU LIBRARY
082 _222
_a372.357 MIN
100 _aMisra, Girish K.
245 _aNatural disaster reduction.
260 _aNew Delhi
_bReliance Pub. House .
_c1993
300 _a22 cm.
_b269 page
_f1
_g22 cm.
600 _2Nature study.
650 _2Nature study.
700 _aMisra, Girish K.
270 _aNew Delhi
_bNew Delhi
_dIndia
365 _b360.00
_d360.00
942 _2ddc
_cBK
999 _c814
_d814